Statistics for British Prime Ministers of the 20th Century (by Picture)

Click here to take the quiz!

General Stats

  • This quiz has been taken 37 times
  • The average score is 13 of 20

Answer Stats

Answer% Correct
Tony Blair
97%
Margaret Thatcher
97%
Winston Churchill
94%
John Major
91%
Neville Chamberlain
88%
Edward Heath
85%
Harold Wilson
76%
Anthony Eden
76%
Alec Douglas-Home
71%
Clement Attlee
68%
Harold Macmillan
68%
James Callaghan
65%
David Lloyd George
56%
H. H. Asquith
47%
Ramsay MacDonald
44%
Stanley Baldwin
41%
Andrew Bonar Law
41%
Henry Campbell-Bannerman
41%
Arthur Balfour
35%
Marquess of Salisbury
35%

Score Distribution

Percentile by Number Answered

Percent of People with Each Score

Your Score History

You have not taken this quiz